Zákaznícka vernosť
Mnohé prieskumy poukázali na to, že udržať si so zákazníkom dlhodobý vzťah sa rozhodne oplatí. Niekoľko možností, ako podporiť lojalitu svojich zákazníkov: preskúmanie cieľovej skupiny, vzdelávanie zákazníkov, hodnoty spoločnosti, moment pozitívneho prekvapenia, popredajná komunikácia.
Na minha lista:
| Autor principal: | |
|---|---|
| Formato: | Capítulo de Livro |
| Idioma: | eslovaco |
| Assuntos: | |
| Tags: |
Sem tags, seja o primeiro a adicionar uma tag!
|
MARC
| LEADER | 00000naa a2200000 4500 | ||
|---|---|---|---|
| 001 | 0246441 | ||
| 005 | 20180717105217.5 | ||
| 041 | 0 | |a slo | |
| 044 | |a SK | ||
| 245 | 1 | 0 | |a Zákaznícka vernosť |c Jana Škutková |
| 520 | |a Mnohé prieskumy poukázali na to, že udržať si so zákazníkom dlhodobý vzťah sa rozhodne oplatí. Niekoľko možností, ako podporiť lojalitu svojich zákazníkov: preskúmanie cieľovej skupiny, vzdelávanie zákazníkov, hodnoty spoločnosti, moment pozitívneho prekvapenia, popredajná komunikácia. | ||
| 610 | 2 | 0 | |a spokojnosť zákazníkov |
| 610 | 2 | 0 | |a lojálnosť zákazníkov |
| 610 | 2 | 0 | |a marketing |
| 610 | 2 | 0 | |a stratégia marketingová |
| 100 | 1 | |a Škutková, Jana | |